01662cam a22002654i 4500003000900000005001700009008004100026035001900067040003300086082001900119100003100138245004500169264003600214300004000250336002100290337002500311338002300336505098300359526000901342526000901351526000801360526000801368526000801376650001201384PE-LiUPU20250731183417.0150625s r 000 0 d a(Sirsi) a34670 aPE-LiUPUbspacPE-LiUPUerda04a715.2bY752211 aYoshio Naka, John,eautor.10aTecnicas del bonsai /cJohn Yoshio Naka. 1aBarcelona :bOmega S.A.,c1986. a269 pag. :bilustraciones ;c24 cm. atext2rdacontent aunmediated2rdamedia avolume2rdacarrier0 aHerramientas y acessorios para el taller. - Otros utensilios para el taller. - Cuidados de herramientas y equipo. - Técnicas de bonsái. - Modelado paso a paso en el estilo clásico (CHOKKAN KIHONGATA). - Raíces defectuosas. - Raíces interesantes. - Tronco defectuoso. - Troncos interesantes. - Ápice defectuoso. - Ramas defectuosas. - Cómo cortar ramas y raíces. - Poda de brotes, ramas pequeñas y despuntado de yemas. - Corte de hojas y defoliación. - Recorte de aguja o follaje. - Cómo hacer JIN, SHARI y SABA-MIKI. - Cuidados de preservación del JIN o SHARI. - Alambre y alambrado. - Cómo y cuándo doblar las ramas. - Tratando una rama rota. - Notas antes y después del alambrado. - Desalambrado. - Selección del tiesto. - Cómo elegir el frente de una maceta redonda, cuadrada, hexagonal. - lo equilateral de otro tipo. - Preparando mezcla de suelos para bonsái. - Seleccionando la arena. - Cerniendo la arena. - Cuadro de mezcla de suelos. aP158 aP146 aP17 aP12 aP0604aBonsai.